Modelovanie portfólia poistných zmlúv pri poistení pre prípad úmrtia v prostredí jazyka R

Modelovanie poistných plnení na jednotlivých poistných zmluvách poistenia pre prípad úmrtia pomocou metódy Monte Carlo v prostredí jazyka R. Analýza vplyvu počtu poistných zmlúv na presnosť určenia hodnoty VaR na základe generovania hodnôt celkovej škody v komparácii s aproximáciou normálnym rozd...

Descrizione completa

Salvato in:
Dettagli Bibliografici
Autore principale: Mucha, Vladimír, 1976-
Natura: Capitolo di libro
Lingua:slovacco
Soggetti:
Tags: Aggiungi Tag
Nessun Tag, puoi essere il primo ad aggiungerne!!

MARC

LEADER 00000naa a2200000 4500
001 0249344
005 20240502074003.5
041 0 |a slo 
044 |a SK 
245 1 0 |a Modelovanie portfólia poistných zmlúv pri poistení pre prípad úmrtia v prostredí jazyka R  |c Vladimír Mucha 
520 |a Modelovanie poistných plnení na jednotlivých poistných zmluvách poistenia pre prípad úmrtia pomocou metódy Monte Carlo v prostredí jazyka R. Analýza vplyvu počtu poistných zmlúv na presnosť určenia hodnoty VaR na základe generovania hodnôt celkovej škody v komparácii s aproximáciou normálnym rozdelením. 
610 2 0 |a modelovanie ekonometrické 
610 2 0 |a zmluvy poistné 
610 2 0 |a poistenie životné 
610 2 0 |a úmrtnosť 
610 2 0 |a programy počítačové 
610 2 0 |a systémy informačné 
100 1 |a Mucha, Vladimír, 1976-